Quand des enfants placés voient leurs parents dans un Espace rencontre (notice n° 1832619)
[ vue normale ]
| 000 -LEADER | |
|---|---|
| fixed length control field | 01704cam a2200169 4500500 |
| 005 - DATE AND TIME OF LATEST TRANSACTION | |
| control field | 20260329004311.0 |
| 041 ## - LANGUAGE CODE | |
| Language code of text/sound track or separate title | fre |
| 042 ## - AUTHENTICATION CODE | |
| Authentication code | dc |
| 100 10 - MAIN ENTRY--PERSONAL NAME | |
| Personal name | Gréchez, Jean |
| Relator term | author |
| 245 00 - TITLE STATEMENT | |
| Title | Quand des enfants placés voient leurs parents dans un Espace rencontre |
| 260 ## - PUBLICATION, DISTRIBUTION, ETC. | |
| Date of publication, distribution, etc. | 2005.<br/> |
| 500 ## - GENERAL NOTE | |
| General note | 61 |
| 520 ## - SUMMARY, ETC. | |
| Summary, etc. | Intervenant depuis 1987 dans un Point Rencontre AFCCC à Bordeaux puis à Pau (structures appelées officiellement aujourd’hui Espaces Rencontre pour le Maintien des Relations Enfants-Parents), mais également psychothérapeute psychanalytique de couple et médiateur familial, l’auteur tente, par la confrontation de ces approches cliniques différentes, d’éclairer d’un regard nouveau la question du conflit conjugal qui, pour lui aujourd’hui, n’est plus la cause de ces situations de crise et de ruptures extrêmes mais l’expression du symptôme d’une problématique relationnelle entre parent et enfant. De même, partant de son approche psychanalytique du couple et de la famille, il insiste ici sur le fait que ces différentes démarches (thérapie, médiation et Espace rencontre) ne s’adressent pas aux mêmes personnes ou tout du moins pas au même stade de leur crise et sur la nécessité d’en cerner le mieux possible les limites dans leurs champs d’action respectifs. Enfin, interpellé sur la question des relations entre parent et enfants placés, il décrit comment ces situations spécifiques sont abordées dans les Espaces Rencontre. |
| 700 10 - ADDED ENTRY--PERSONAL NAME | |
| Personal name | Mathis, M.-N. |
| Relator term | author |
| 786 0# - DATA SOURCE ENTRY | |
| Note | Dialogue | 167 | 1 | 2005-03-01 | p. 99-104 | 0242-8962 |
| 856 41 - ELECTRONIC LOCATION AND ACCESS | |
| Uniform Resource Identifier | <a href="https://shs.cairn.info/revue-dialogue-2005-1-page-99?lang=fr&redirect-ssocas=7080">https://shs.cairn.info/revue-dialogue-2005-1-page-99?lang=fr&redirect-ssocas=7080</a> |
Pas d'exemplaire disponible.




Réseaux sociaux